Tvorba hospodárskej politiky a makroekonomické väzby inflácie

Predstavy súčasnej makroekonómie o vzniku inflácie. Agregovaný dopyt a agregovanú ponuku teória používa na rozlíšenie dvoch druhov inflácií: dopytovú a ponukovú. Problém vzťahu inflácie miezd a inflácie cien. Vzťah medzi mzdami, cenami a produktivitou práce pomocou prostriedkov modelovania. Vzťah m...

ver descrição completa

Na minha lista:
Detalhes bibliográficos
Autor principal: Husár, Jaroslav
Formato: Capítulo de Livro
Idioma:eslovaco
Assuntos:
Tags: Adicionar Tag
Sem tags, seja o primeiro a adicionar uma tag!

MARC

LEADER 00000naa$a2200000$$$4500
001 0008880
005 20240502071354.3
041 0 |a slo 
044 |a SK 
245 1 0 |a Tvorba hospodárskej politiky a makroekonomické väzby inflácie  |c aut. Jaroslav Husár 
520 |a Predstavy súčasnej makroekonómie o vzniku inflácie. Agregovaný dopyt a agregovanú ponuku teória používa na rozlíšenie dvoch druhov inflácií: dopytovú a ponukovú. Problém vzťahu inflácie miezd a inflácie cien. Vzťah medzi mzdami, cenami a produktivitou práce pomocou prostriedkov modelovania. Vzťah medzi indexami rastu zložiek pridanej hodnoty a zmenami indexov cien. Model input-output. 
610 2 0 |a inflácia 
610 2 0 |a makroekonomika 
610 2 0 |a politika hospodárska 
610 2 0 |a dopyt agregátny 
610 2 0 |a ponuka agregátna 
610 2 0 |a ceny 
610 2 0 |a mzdy 
610 2 0 |a modelovanie 
610 2 0 |a modely input-output 
610 2 0 |a tvorba politík 
100 1 |a Husár, Jaroslav